00518nam a2200205Ia 4500003000400000005001700004008004100021020001800062040000700080041000800087082002300095100001600118245006000134250001300194260004300207300001600250365001300266650001400279650001900293OSt20240726104532.0210423s2013 xx 000 0 und d a9788122434415 cAL aeng a338.954 223bAGRI aAgrawal A N aIndian economyb: problems of development and planning  a38th ed. aNew DelhibNew Age Internationalc2013 axiv,817bPB b300cINR aEconomics aIndian Economy